|
|
|
|
| LEADER |
00000nam0a2200000 4500 |
| 001 |
36352 |
| 005 |
20231031001659.0 |
| 035 |
|
|
|a (RuTPU)RU\TPU\book\36823
|
| 035 |
|
|
|a BOOK00003475
|
| 090 |
|
|
|a 36352
|
| 100 |
|
|
|a 20011210d1987 k y0rusy50 ca
|
| 101 |
0 |
|
|a rus
|
| 102 |
|
|
|a RU
|
| 105 |
|
|
|a a z 000zy
|
| 200 |
1 |
|
|a Центрифуги и сепараторы для химических производств
|f Д. Е. Шкоропад, О. П. Новиков
|
| 210 |
|
|
|a Москва
|c Химия
|d 1987
|
| 215 |
|
|
|a 256 с.
|c ил.
|
| 610 |
1 |
|
|a химия
|
| 610 |
1 |
|
|a химические производства
|
| 610 |
1 |
|
|a центрифуги
|
| 610 |
1 |
|
|a сепараторы
|
| 610 |
1 |
|
|a конструкции
|
| 610 |
1 |
|
|a теория
|
| 610 |
1 |
|
|a расчеты
|
| 610 |
1 |
|
|a эксплуатация
|
| 610 |
1 |
|
|a применение
|
| 675 |
|
|
|a 66.06
|v 3
|
| 700 |
|
1 |
|a Шкоропад
|b Д. Е.
|g Дмитрий Евсеевич
|
| 701 |
|
1 |
|a Новиков
|b О. П.
|g Олег Павлович
|
| 801 |
|
0 |
|a RU
|b 63413507
|c 20011210
|g PSBO
|
| 801 |
|
2 |
|a RU
|b 63413507
|c 20160505
|g PSBO
|
| 900 |
|
|
|a Спецкурс 54
|
| 942 |
|
|
|c BK
|